|
|
|
|
| LEADER |
00000cam a2200000 7i4500 |
| 001 |
0000003704 |
| 002 |
000003989 |
| 005 |
20000330.0 |
| 020 |
|
|
|a 9838840017
|
| 090 |
0 |
0 |
|a 320.6
|b WAW
|
| 245 |
0 |
0 |
|a Wawasan 2020
|c disunting oleh Kamaruddin Jaffar dan Hazami Habib
|
| 260 |
|
|
|a Kuala Lumpur :
|b Institut Kajian Dasar ,
|c 1993
|
| 300 |
|
|
|a 318p. ;
|c 25cm.
|
| 650 |
0 |
0 |
|a Vision 2020
|x Congresses
|
| 651 |
|
0 |
|a Malaysia
|x Economic conditions
|
| 999 |
|
|
|a 037156
|b BUKU
|c MALAYSIANA
|e PERPUSTAKAAN KOMUNITI PETALING JAYA
|
| 999 |
|
|
|a 037157
|b BUKU
|c PINJAMAN
|e PERPUSTAKAAN KOMUNITI PETALING JAYA
|
| 999 |
|
|
|a 044318
|b BUKU
|c PINJAMAN
|e PERPUSTAKAAN KOMUNITI PETALING JAYA
|
| 999 |
|
|
|a 044319
|b BUKU
|c PINJAMAN
|e PERPUSTAKAAN KOMUNITI PETALING JAYA
|